000
00337nam a22001457a 4500
008
230706b ||||| |||| 00| 0 eng d
020
_a
9781133734369
041
_a
eng
080
_2
EDITION 10
_a
51
082
_a
51AUF
100
_a
23
101
_a
MATE
245
_a
BASIC COLLEGE MATHEMATICS
_c
AUFMANN & LOCKWOOD
942
_2
udc
_c
BK
999
_c
60099
_d
60099